Central Library OPAC University of Rajshahi

Elements of marketing / (Record no. 76587)

MARC details
000 -LEADER
fixed length control field 00790nam a2200253 a 4500
001 - CONTROL NUMBER
control field 76587
003 - CONTROL NUMBER IDENTIFIER
rucl marc code BD-RjUL
005 - DATE AND TIME OF LATEST TRANSACTION
control field 20211209082849.0
008 - FIXED-LENGTH DATA ELEMENTS--GENERAL INFORMATION
fixed length control field 191223s1952 n d b 001 0 eng d
035 ## - SYSTEM CONTROL NUMBER
System control number (BD-RjUL)76811
040 ## - CATALOGING SOURCE
Original cataloging agency BD-RjUL
Transcribing agency BD-RjUL
Modifying agency BD-RjUL
Language of cataloging eng
041 ## - LANGUAGE CODE
Language code of text/sound track or separate title eng
082 ## - DEWEY DECIMAL CLASSIFICATION NUMBER
Edition number 23
Classification number 658.8
Author mark and year COE 1952
100 1# - MAIN ENTRY--PERSONAL NAME
Personal name Converse, Paul Dulaney,
Dates associated with a name 1889-
9 (RLIN) 182983
245 10 - TITLE STATEMENT
Title Elements of marketing /
Statement of responsibility, etc. Paul D. Converse & Hervey W. Huegy ; with the collaboration of Robert V. Mitchell
250 ## - EDITION STATEMENT
Edition statement 5th ed.
260 ## - PUBLICATION, DISTRIBUTION, ETC. (IMPRINT)
Place of publication, distribution, etc. NewYork:
Name of publisher, distributor, etc. prentice-hall,
Date of publication, distribution, etc. 1952[1953]
300 ## - PHYSICAL DESCRIPTION
Pagination xvi,968 p. :
Size 23 cm.
Illustrations ill. ;
500 ## - GENERAL NOTE
General note Includes index.
650 #0 - SUBJECT ADDED ENTRY--TOPICAL TERM
Topical term or geographic name as entry element Marketing.
9 (RLIN) 182579
700 ## - ADDED ENTRY--PERSONAL NAME
Personal name Huegy, Harvey W.
Personal name Mitchell, Robert Victor
942 ## - ADDED ENTRY ELEMENTS (KOHA)
Source of classification or shelving scheme Dewey Decimal Classification
Koha item type Books
Holdings
Lost status Source of classification or shelving scheme Damaged status Not for loan Collection code Permanent Location Current Location Shelving location Date acquired Total Checkouts Full call number Date last seen Copy number Koha item type
  Dewey Decimal Classification   Not For Loan Non-fiction Central Library, University of Rajshahi Central Library, University of Rajshahi Reading Room 23/12/2019   658.8 COE 1953 23/12/2019 C-1 Books